00548nam a2200121 a 450000500170000000800410001705000240005810000160008224501610009826000350025999900190029495201130031320140414132113.0110805s19uu xx 00 eng d aTR 372.62bR44 2003 aRief, Linda a100 Quickwrites :bfast and Effective freewriting exercise that build students confidence, develop their fluency, and bring out the writer in every student. aNew York :bScholastic,c2003. c114804d114804 001040aMUbMUcTRd2011-08-05eBkRewardl0oTR 372.62 R44 2003pM6704r2014-04-14 00:00:00w2014-04-14yBK